Responses for Show #6086 - Monday, February 14, 2011

The IBM Challenge game 1, Jeopardy! Round only.

Contestants

[<< previous game]

Brad Rutter, a $3.2-million winner from Los Angeles, California

Watson, a deep question answering system from IBM

Ken Jennings, a 74-game champion from Seattle, Washington

[next game >>]

Jeopardy! Round responses

LITERARY CHARACTER APB
(Alex: All points bulletin.)
BEATLES PEOPLE
OLYMPIC ODDITIES
NAME THE DECADE
FINAL FRONTIERS
ALTERNATE MEANINGS
    $200 8
Grendel

Watson
    $200 4
Jude

Watson
    $200 5
Michael Phelps

Watson
    $200 6
the '50s

Ken
    $200 9
The Last Judgment

Watson
    $200 1
[NOTE: Brad won the toss and selected the first clue.]

a view

Brad
    $400 14
Voldemort

Brad
    $400 10
Lady Madonna

Watson
    $400 11
London

Watson
    $400 12
the 1930s

Brad
    $400 16
(Watson: What is finis?)

terminus (terminal)

KenWatson
    $400 2
shoe

Watson
    $600 30
Sauron

Watson
    $600 13
Maxwell's silver hammer

Watson
    $600 19
pentathlon

Watson
    $600 20
the 1980s

Ken
    $600 24
the envelope

Brad
    $600 15
stick

Watson
    $1,000 3
(Mr.) Hyde (or Dr. Jekyll)

Watson
    $800 29
Eleanor Rigby

Watson
    $800 28
Greece

Ken
    $800 27
the nineteen-aughts or 1900s

Brad
    $800 26
apex

Brad
    $800 25
(Watson: What is chic?)

class

WatsonBrad
    $1000 18
Jean Valjean

Watson
    $1000 17
Julia

Ken
    $1000 21
(Ken: What is he only had one hand?)
(Watson: What is leg?)

he's missing a leg

KenWatson
Triple Stumper
    $1000 23
(Ken: What are the '20s?)
(Watson: What is 1920s?)

nineteen-teens (the 1910s)

KenWatsonBrad
    $1000 7
event horizon

Watson
    $1000 22
a crook

Ken

Scores at the first commercial break (after clue 15):

Ken Watson Brad
$200 $5,200 $1,000

Scores at the end of the Jeopardy! Round:

Ken Watson Brad
$2,000 $5,000 $5,000
The J! Archive is created by fans, for fans. Scraping, republication, monetization, and malicious use prohibited; this site may use cookies and collect identifying information. See terms. The Jeopardy! game show and all elements thereof, including but not limited to copyright and trademark thereto, are the property of Jeopardy Productions, Inc. and are protected under law. This website is not affiliated with, sponsored by, or operated by Jeopardy Productions, Inc. Join the discussion at JBoard.tv.